01220 a2200217 4500003000500000005001700005010001700022020002800039040000900067082001200076100001400088245009100102250001200193260007800205300003700283505048300320650001600803700001500819856009000834856007800924Nust20220727124536.0 a 2003062750 a0470856688 (alk. paper) cNust00a006,RAN1 aRankl, W.10aSmart card handbook /cWolfgang Rankl and Wolfgang Effing ; translated by Kenneth Cox. a3rd ed. aChichester, West Sussex, England ;aHoboken, NJ, USA :bJ. Wiley,cc2003. axxxii, 1088 p. :bill. ;c25 cm. aIntroduction (Page-1), Types of Cards (Page-15), Physical and Electrical Properties (Page-27), Informatics Foundations (Page-155), Smart Card Operating Systems (Page-233), Smart Card Data Transmission (Page-371), Smart Card Commands (Page-435), Security Techniques (Page-491), Quality Assurance and Testing (Page-565), The Smart Card Life Cycle (Page-597), Smart Card Terminals (Page-655), Smart Cards in Payment Systems (Page-673), Smart Cards in Telecommunications (Page-723). 0aSmart cards1 aEffing, W.423Publisher descriptionuhttp://www.loc.gov/catdir/description/wiley039/2003062750.html423Table of contentsuhttp://www.loc.gov/catdir/toc/wiley032/2003062750.html